Finance : Applications and theory
Spremljeno u:
| Glavni autor: | |
|---|---|
| Format: | Knjiga |
| Jezik: | Undetermined |
| Izdano: |
Boston
McGraw Hill
2009
|
| Teme: | |
| Oznake: |
Dodaj oznaku
Bez oznaka, Budi prvi tko označuje ovaj zapis!
|
| Thư viện lưu trữ: | Trung tâm Học liệu Trường Đại học Cần Thơ |
|---|
| LEADER | 00559nam a2200205Ia 4500 | ||
|---|---|---|---|
| 001 | CTU_179558 | ||
| 008 | 210402s9999 xx 000 0 und d | ||
| 020 | |c 3500000 | ||
| 082 | |a 332 | ||
| 082 | |b C816 | ||
| 100 | |a Cornett, Marcia Millon | ||
| 245 | 0 | |a Finance : | |
| 245 | 0 | |b Applications and theory | |
| 245 | 0 | |c Marcia Millon Cornett, Troy A. Adair, John Nofsinger | |
| 260 | |a Boston | ||
| 260 | |b McGraw Hill | ||
| 260 | |c 2009 | ||
| 650 | |a Finance,Tài chính | ||
| 910 | |a Nguyên | ||
| 980 | |a Trung tâm Học liệu Trường Đại học Cần Thơ | ||